Animals that begin with 'C' - Statistics

General Stats
  • This quiz has been taken 74 times
  • The average score is 16 of 27
Answer Stats
Hint Answer % Correct
Mammal with a hump Camel
96%
A popular pet Cat
89%
The fastest land animal Cheetah
89%
Alvin and the ______'s Chipmunk
89%
A farm bird Chicken
85%
A black bird Crow
81%
An ape Chimpanzee
79%
A mammal found on a farm Cow
79%
A lizard that can camoflague Chameleon
77%
A snake with a frill Cobra
77%
A tiny dog Chihuahua
74%
Turns into a butterfly Catterpillar
70%
An insect which is seen as filthy Cockroach
70%
Crustacean with pincers Crab
70%
A large American cat Cougar
68%
Reptile that lives in rivers Crocodile
66%
Similar to a grasshopper Cricket
62%
A wild dog Coyote
60%
The largest rodent Capybara
47%
A fish with barbells on its face Catfish
36%
Another word for crazy Cuckoo
32%
A tall bird Crane
30%
A rodent Chinchilla
17%
A white bird Cockatoo
13%
A fish that changes colour Cuttlefish
8%
A nocturnal animal found in Africa Civet
6%
Bug with 100 legs Centipiede
0%
No matching quizzes found
Score Distribution
Percent of People with Each Score
Percentile by Number Answered
Your Score History
You have not taken this quiz